[Event "AUTO-OPEN-2759"]
[Site "http://www.queenalice.com/game.php?id=1090806"]
[Date "2012.8.6"]
[Round "1"]
[White "Alvo_Dumbledore"]
[Black "vivafischer"]
[Result "0-1"]
[WhiteElo "1889"]
[BlackElo "2304"]

1. d4 d5 2. c4 e5 3. dxe5 d4 4. Nf3 Nc6 5. a3 Nge7 6. b4 Ng6 7. Bb2 a5 8. b5
Ncxe5 9. Nxe5 Nxe5 10. e3 Be6 11. Bxd4 Nxc4 12. Qc2 Nd6 13. Bd3 Qd7 14. Be4 Nxe4
15. Qxe4 Qxb5 16. Nc3 Qa6 17. Nd5 Qc6 18. Nc3 Qxe4 19. Nxe4 f6 20. O-O Be7 21.
Nc5 Bd5 22. e4 Bc6 23. Ne6 Kf7 24. Nxc7 Rac8 25. Nd5 Bxd5 26. exd5 Rhd8 27. Rfb1
Rxd5 28. Bb6 a4 29. g3 Rc3 30. Be3 b5 31. Bc1 Rdd3 32. Bb2 Rc2 33. Ra2 Bc5 34.
Bd4 Rxa2 35. Bxc5 Rb3 36. Re1 Rbxa3 37. Re7+ Kg6 38. Bxa3 Rxa3 39. Rb7 Rb3 0-1

[Event "AUTO-OPEN-2759"]
[Site "http://www.queenalice.com/game.php?id=1090829"]
[Date "2012.8.6"]
[Round "1"]
[White "Alvo_Dumbledore"]
[Black "Philchess"]
[Result "1-0"]
[WhiteElo "1889"]
[BlackElo "1386"]

1. e4 c5 2. Nf3 d6 3. d4 b6 4. d5 e6 5. c4 Nf6 6. Bg5 Be7 7. Nc3 e5 8. Bd3 Nbd7
9. O-O h6 10. Bd2 O-O 11. Ne1 Re8 12. f4 exf4 13. Bxf4 Ne5 14. Bxe5 dxe5 15. Nc2
Bg4 16. Qd2 Bd6 17. Nb5 a6 18. Nxd6 Qxd6 19. b4 cxb4 20. Nxb4 a5 21. Nc6 g5 22.
Qf2 Kg7 23. Qxb6 Nd7 24. Qf2 f6 25. Rac1 Nc5 26. Bb1 Kg6 27. h3 Bd7 28. Rcd1
Bxc6 29. dxc6 Qxc6 30. Rd5 Ne6 31. Qxf6+ Kh5 32. g4+ Kh4 33. Qxh6+ Kg3 34. Rd3#
1-0

[Event "AUTO-OPEN-2759"]
[Site "http://www.queenalice.com/game.php?id=1090830"]
[Date "2012.8.6"]
[Round "1"]
[White "Philchess"]
[Black "Alvo_Dumbledore"]
[Result "0-1"]
[WhiteElo "1364"]
[BlackElo "1885"]

1. e4 e5 2. Nf3 Nc6 3. Bb5 a6 4. Bxc6 dxc6 5. Nxe5 Qd4 6. Nf3 Qxe4+ 7. Kf1 Bg4
8. d3 Bxf3 9. dxe4 Bxd1 10. c3 O-O-O 11. Nd2 Nf6 12. f3 Bc5 13. b3 Be3 14. Ke1
Bc2 15. c4 Rd3 16. Ke2 Rhd8 17. a4 Bxd2 18. Bb2 Re3+ 19. Kf2 Bd3 20. Bxf6 gxf6
21. Ra2 Re2+ 22. Kg3 Be1+ 23. Kh3 Rxa2 24. Rxe1 Rg8 25. Re3 Bf1 26. e5 Bxg2+ 27.
Kh4 Bf1 28. h3 Rh2 29. f4 Rg6 30. exf6 Rhg2 31. f5 Rh6# 0-1

[Event "AUTO-OPEN-2759"]
[Site "http://www.queenalice.com/game.php?id=1090831"]
[Date "2012.8.6"]
[Round "1"]
[White "Alvo_Dumbledore"]
[Black "cunha"]
[Result "0-1"]
[WhiteElo "1891"]
[BlackElo "2865"]

1. d4 Nf6 2. Nf3 d5 3. c4 dxc4 4. Nc3 c6 5. e4 b5 6. Bg5 b4 7. Na4 Nxe4 8. Bxc4
Nxg5 9. Nxg5 e6 10. Ne4 Be7 11. O-O O-O 12. b3 Nd7 13. Qf3 Nb6 14. Nxb6 axb6 15.
Rfd1 Ra5 16. Ng3 Bb7 17. Qe2 Bf6 18. Bd3 c5 19. dxc5 Bxa1 20. Bxh7+ Kxh7 21.
Rxd8 Rxd8 22. cxb6 Re5 23. Qc2+ Kg8 24. f4 Re1+ 25. Kf2 Bc3 26. Nf1 Rd4 27. a3
Rxf4+ 28. Kg3 Rfxf1 29. axb4 Re3+ 30. Kg4 Be4 31. Qa2 Bf5+ 32. Kg5 Bf6+ 33. Kh5
Kh7 34. b7 g6# 0-1

[Event "AUTO-OPEN-2759"]
[Site "http://www.queenalice.com/game.php?id=1090832"]
[Date "2012.8.6"]
[Round "1"]
[White "cunha"]
[Black "Alvo_Dumbledore"]
[Result "1-0"]
[WhiteElo "2868"]
[BlackElo "1913"]

1. e4 c5 2. Nf3 d6 3. d4 cxd4 4. Nxd4 Nf6 5. Nc3 g6 6. Be2 Bg7 7. Be3 O-O 8. Qd2
Nc6 9. O-O-O Nxd4 10. Bxd4 Be6 11. h4 h5 12. Kb1 Kh7 13. f4 Ng4 14. Bxg7 Kxg7
15. f5 Nf2 16. Qd4+ f6 17. Qxf2 1-0

[Event "AUTO-INT-2236"]
[Site "http://www.queenalice.com/game.php?id=1107632"]
[Date "2012.9.29"]
[Round "2"]
[White "Alvo_Dumbledore"]
[Black "Piotr70"]
[Result "1-0"]
[WhiteElo "1919"]
[BlackElo "1649"]

1. d4 d5 2. c4 Nf6 3. Nc3 dxc4 4. e4 Nc6 5. Nf3 Bg4 6. Bxc4 Bxf3 7. gxf3 e6 8.
Bg5 Bb4 9. e5 h6 10. Be3 Bxc3+ 11. bxc3 Nd7 12. Rb1 O-O 13. Rxb7 a5 14. Rg1 h5
15. f4 Ra7 16. Rxa7 Nxa7 17. Qxh5 g6 18. Qh6 Nc6 19. Bd3 Ne7 20. h4 f5 21. exf6
Nf5 22. Bxf5 exf5 23. Qg7# 1-0

[Event "AUTO-INT-2236"]
[Site "http://www.queenalice.com/game.php?id=1107633"]
[Date "2012.9.29"]
[Round "2"]
[White "Piotr70"]
[Black "Alvo_Dumbledore"]
[Result "0-1"]
[WhiteElo "1612"]
[BlackElo "1858"]

1. e4 c5 2. Nc3 Nc6 3. Nf3 d6 4. Bb5 Bd7 5. Bxc6 Bxc6 6. d3 Nf6 7. Bg5 e6 8.
Bxf6 Qxf6 9. O-O Be7 10. b3 Qxc3 11. Qd2 Qxd2 12. Nxd2 Bf6 13. Rab1 b5 14. c4 b4
15. Rfe1 Bc3 16. Red1 Bxd2 17. Rxd2 d5 18. cxd5 exd5 19. exd5 Bxd5 20. d4 cxd4
21. Rxd4 Be6 22. Rxb4 O-O 23. Rb7 a5 24. Rd1 Rfd8 25. Rxd8+ Rxd8 26. h3 g6 27.
a3 Rd1+ 28. Kh2 Rd3 29. a4 Rxb3 30. Ra7 Ra3 31. Rxa5 Bb3 32. Ra8+ Kg7 33. a5 h5
34. f4 Ra2 35. Rb8 Bd5 36. Rb5 Rxg2+ 37. Kh1 Rd2+ 38. Kg1 Be6 39. a6 Ra2 40. Rb6
Bxh3 41. Rb3 Bc8 42. Rb6 Rxa6 43. Rb5 Bf5 44. Kg2 Ra3 45. Kf2 h4 46. Kg2 h3+ 47.
Kh2 Ra2+ 48. Kh1 Be4+ 49. Kg1 h2+ 50. Kf1 h1=R# 0-1

[Event "AUTO-INT-2236"]
[Site "http://www.queenalice.com/game.php?id=1107634"]
[Date "2012.9.29"]
[Round "2"]
[White "Alvo_Dumbledore"]
[Black "lawyerplayer"]
[Result "0-1"]
[WhiteElo "1893"]
[BlackElo "2093"]

1. e4 e5 2. f4 exf4 3. Nf3 Nc6 4. Bc4 Be7 5. O-O d6 6. d4 Nf6 7. Nc3 Na5 8. Bb5+
c6 9. Be2 b5 10. b4 Nb7 11. Bxf4 O-O 12. a4 bxa4 13. Rxa4 Bd7 14. Qa1 a5 15.
bxa5 Nxa5 16. Qa3 d5 17. e5 Bxa3 0-1

[Event "AUTO-INT-2236"]
[Site "http://www.queenalice.com/game.php?id=1107635"]
[Date "2012.9.29"]
[Round "2"]
[White "lawyerplayer"]
[Black "Alvo_Dumbledore"]
[Result "0-1"]
[WhiteElo "2087"]
[BlackElo "1885"]

1. e4 c5 2. Nf3 d6 3. d4 cxd4 4. Nxd4 Nf6 5. Nc3 a6 6. Bc4 e6 7. O-O Be7 8. f3
O-O 9. Be3 Nc6 10. a4 Nxd4 11. Bxd4 Qc7 12. Bb3 b6 13. Qe2 Bb7 14. Rad1 e5 15.
Be3 Rfd8 16. Nd5 Nxd5 17. Bxd5 Bxd5 18. Rxd5 Qc6 19. b3 f5 20. Qf2 f4 21. Bxb6
Rdb8 22. a5 Bd8 0-1

[Event "AUTO-INT-2240"]
[Site "http://www.queenalice.com/game.php?id=1130879"]
[Date "2012.12.13"]
[Round "2"]
[White "agsantos"]
[Black "Alvo_Dumbledore"]
[Result "0-1"]
[WhiteElo "1523"]
[BlackElo "1942"]

1. e4 c5 2. e5 Nc6 3. Nf3 Qc7 4. Bc4 Nxe5 5. Nxe5 Qxe5+ 6. Qe2 Qxe2+ 7. Bxe2 d5
8. O-O Nf6 9. Bb5+ Bd7 10. Bxd7+ Nxd7 11. d3 e6 12. c4 d4 13. Na3 a6 14. Bd2 Bd6
15. f4 O-O 16. Nc2 e5 17. a4 f5 18. g3 e4 19. dxe4 fxe4 20. Ne1 e3 21. Bc1 Nf6
22. Nf3 Ne4 23. Re1 Rab8 24. Kf1 b5 0-1

[Event "AUTO-INT-2240"]
[Site "http://www.queenalice.com/game.php?id=1130880"]
[Date "2012.12.13"]
[Round "2"]
[White "Alvo_Dumbledore"]
[Black "agsantos"]
[Result "1-0"]
[WhiteElo "1940"]
[BlackElo "1525"]

1. d4 d5 2. c4 e6 3. Nc3 c6 4. a4 Bb4 5. Qc2 Nf6 6. Bg5 O-O 7. Nf3 Nbd7 8. e3
Qc7 9. Be2 Bxc3+ 10. bxc3 Ne4 11. Bf4 Qd8 12. c5 Qe7 13. Bd3 h6 14. Bxe4 dxe4
15. Qxe4 Nf6 16. Qd3 Nh5 17. Bg3 Nxg3 18. hxg3 f6 19. Nh4 Qf7 20. Ng6 Rd8 21.
O-O-O f5 22. Ne5 Qc7 23. f4 b5 24. axb5 cxb5 25. Qxb5 Bd7 26. c6 1-0

[Event "AUTO-INT-2239"]
[Site "http://www.queenalice.com/game.php?id=1130889"]
[Date "2012.12.13"]
[Round "2"]
[White "chein"]
[Black "Alvo_Dumbledore"]
[Result "1-0"]
[WhiteElo "2428"]
[BlackElo "1942"]

1. e4 c5 2. Nf3 d6 3. d4 cxd4 4. Nxd4 Nf6 5. Nc3 a6 6. Bg5 e5 7. Nf5 Bxf5 8.
Bxf6 Qxf6 9. Nd5 Qd8 10. exf5 Nc6 11. c3 Be7 12. g3 O-O 13. Bg2 Rb8 14. O-O Qd7
15. Be4 Bd8 16. f6 g6 17. Qd2 Qe6 18. f4 exf4 19. Qxf4 Kh8 20. Qh6 Rg8 21. Rf4
Bxf6 22. Nxf6 Rg7 23. Raf1 Ne5 24. Rh4 Ng4 25. Qxh7+ 1-0

[Event "AUTO-INT-2239"]
[Site "http://www.queenalice.com/game.php?id=1130890"]
[Date "2012.12.13"]
[Round "2"]
[White "Alvo_Dumbledore"]
[Black "chein"]
[Result "0-1"]
[WhiteElo "1944"]
[BlackElo "2417"]

1. d4 Nf6 2. c4 e6 3. Nc3 Bb4 4. Bg5 c5 5. e3 Qa5 6. Ne2 Ne4 7. Bf4 Nxc3 8. bxc3
Bxc3+ 9. Nxc3 Qxc3+ 10. Ke2 Qxc4+ 11. Qd3 Qxd3+ 12. Kxd3 cxd4 13. Kxd4 Ke7 14.
g3 Nc6+ 15. Ke4 d5+ 16. Kf3 e5 0-1

[Event "AUTO-INT-2239"]
[Site "http://www.queenalice.com/game.php?id=1130893"]
[Date "2012.12.13"]
[Round "2"]
[White "kobra23"]
[Black "Alvo_Dumbledore"]
[Result "1-0"]
[WhiteElo "2187"]
[BlackElo "1909"]

1. e4 c5 2. Nf3 d6 3. d4 cxd4 4. Qxd4 Nc6 5. Bb5 Bd7 6. Qd3 a6 7. Bxc6 Bxc6 8.
Nc3 e6 9. O-O g6 10. Bg5 f6 11. Be3 Bg7 12. Rad1 Ke7 13. Nd4 d5 14. Nxe6 1-0

[Event "AUTO-INT-2239"]
[Site "http://www.queenalice.com/game.php?id=1130894"]
[Date "2012.12.13"]
[Round "2"]
[White "Alvo_Dumbledore"]
[Black "kobra23"]
[Result "0-1"]
[WhiteElo "1904"]
[BlackElo "2183"]

1. d4 d5 2. c4 e6 3. Nc3 Nf6 4. Bg5 Be7 5. Nf3 O-O 6. e3 Nc6 7. Bxf6 Bxf6 8.
cxd5 exd5 9. Bd3 Qd6 10. O-O g6 11. Qb3 Be6 12. Qxb7 Nb4 13. Nb5 Qd7 14. Qxc7
Nxd3 15. Qxd7 Bxd7 0-1

[Event "AUTO-INT-2239"]
[Site "http://www.queenalice.com/game.php?id=1130895"]
[Date "2012.12.13"]
[Round "2"]
[White "LeandroMontalvao"]
[Black "Alvo_Dumbledore"]
[Result "1-0"]
[WhiteElo "1854"]
[BlackElo "1875"]

1. e4 c5 2. c3 Nf6 3. e5 Nd5 4. d4 cxd4 5. cxd4 e6 6. Nf3 Nc6 7. Nc3 Bb4 8. Bd2
Nxc3 9. bxc3 Be7 10. Bd3 d5 11. O-O O-O 12. h3 f6 13. exf6 Bxf6 14. Nh2 e5 15.
Be3 exd4 16. cxd4 Bg5 17. Qh5 h6 18. f4 Qe7 19. Rae1 Bf6 20. Qg6 Bh4 21. Re2 Be6
22. f5 Bf7 23. Qg4 Qf6 24. Nf3 h5 25. Qxh4 Qd6 26. Bf4 Qa3 27. Bb5 a6 28. Bxc6
bxc6 29. Qg3 Qd3 30. Bh6 g6 31. Qe5 1-0

[Event "AUTO-INT-2240"]
[Site "http://www.queenalice.com/game.php?id=1160870"]
[Date "2013.3.14"]
[Round "3"]
[White "Alvo_Dumbledore"]
[Black "talisman77"]
[Result "0-1"]
[WhiteElo "1949"]
[BlackElo "1757"]

1. d4 d5 2. c4 Nf6 3. Nc3 e6 4. Bg5 Be7 5. Nf3 O-O 6. e3 Nc6 7. Be2 b6 8. O-O
Bb7 9. cxd5 Nxd5 10. Bxe7 Qxe7 11. e4 Nf4 12. Bc4 Qb4 13. Bb3 Rad8 14. a3 Qe7
15. Re1 Qd7 16. d5 Na5 17. dxe6 Nxe6 18. Qxd7 Rxd7 19. Bxe6 fxe6 20. Ng5 Re8 21.
Rad1 Bc6 22. b4 Nc4 23. b5 Rxd1 24. Rxd1 Bb7 25. Rd7 Nxa3 26. Rxc7 Rb8 27. Nxe6
g6 28. e5 a6 29. bxa6 Bxa6 30. Ra7 Nb5 31. Nd5 Nxa7 32. Nf6+ Kf7 0-1

[Event "AUTO-INT-2240"]
[Site "http://www.queenalice.com/game.php?id=1160871"]
[Date "2013.3.14"]
[Round "3"]
[White "talisman77"]
[Black "Alvo_Dumbledore"]
[Result "0-1"]
[WhiteElo "1766"]
[BlackElo "1940"]

1. d4 Nf6 2. c4 g6 3. Nc3 Bg7 4. e4 d6 5. Nf3 O-O 6. Be2 Nbd7 7. O-O e5 8. d5 a5
9. Bg5 Nc5 10. a4 h6 11. Bh4 g5 12. Bg3 Nfxe4 13. Nxe4 Nxe4 14. h3 f5 15. Bh2 g4
16. Nd2 Nxd2 17. Qxd2 gxh3 18. g3 Qg5 19. f4 exf4 20. Rxf4 Be5 21. Raf1 Bxf4 22.
Rxf4 Bd7 23. Bf3 Bxa4 24. Kf2 b6 25. Qd4 Rae8 26. c5 Bd7 27. cxd6 cxd6 28. Qxb6
Qe7 29. Qxa5 Qe3+ 30. Kf1 Bb5+ 31. Be2 Qxe2+ 32. Kg1 Qg2# 0-1

[Event "Challenge"]
[Site "http://www.queenalice.com/game.php?id=1170584"]
[Date "2013.4.11"]
[Round "-"]
[White "Alvo_Dumbledore"]
[Black "Leonardompaula89"]
[Result "0-1"]
[WhiteElo "1911"]
[BlackElo "1976"]

1. d4 Nf6 2. c4 g6 3. Nc3 Bg7 4. e4 d6 5. e5 dxe5 6. dxe5 Qxd1+ 7. Nxd1 Ng4 8.
f4 O-O 9. h3 Nh6 10. g4 Nc6 11. Bd3 Nb4 12. Be4 Be6 13. f5 Bxc4 14. g5 Nxf5 15.
Bxf5 gxf5 0-1